000 00586nam a22002177a 4500
003 UA-OsUOA
001 80332
007 ta
008 20111206b un ||||| |||| 00| 0 ukr d
090 _a821.161.2
_bБ83
942 _cBK
040 _aUA-OsUOA
_bukr
_cUA-OsUOA
_dUA-OsUOA
245 _aБоротьба триває
_bПригодницькі повісті
300 _a384 с.
955 _a3
041 _aukr
080 _a821.161.2
260 _aК.
_bМолодь
_c1987
650 7 _a82 Література. Літературознавство
_2UDC
999 _c366649
_d366649